IFM Opac

Intermediate Microeconomics: A Modern Approach (Record no. 16326)

MARC details
000 -LEADER
fixed length control field 00564nam a22002057a 4500
003 - CONTROL NUMBER IDENTIFIER
control field OSt
005 - DATE AND TIME OF LATEST TRANSACTION
control field 20260323100853.0
008 - FIXED-LENGTH DATA ELEMENTS--GENERAL INFORMATION
fixed length control field 220812b |||||||| |||| 00| 0 eng d
020 ## - INTERNATIONAL STANDARD BOOK NUMBER
International Standard Book Number 81-7671-021-0
040 ## - CATALOGING SOURCE
Transcribing agency IFM Library
082 ## - DEWEY DECIMAL CLASSIFICATION NUMBER
Classification number 338.5
100 ## - MAIN ENTRY--PERSONAL NAME
Personal name Varian, Hal . R
9 (RLIN) 9373
245 ## - TITLE STATEMENT
Title Intermediate Microeconomics: A Modern Approach
250 ## - EDITION STATEMENT
Edition statement 5th ed
260 ## - PUBLICATION, DISTRIBUTION, ETC.
Place of publication, distribution, etc. East-West Press:
Name of publisher, distributor, etc. Norton $ Company,
Date of publication, distribution, etc. 1999
300 ## - PHYSICAL DESCRIPTION
Extent xxiv, 662p.: ill.; 22cm
500 ## - GENERAL NOTE
General note Includes index
650 ## - SUBJECT ADDED ENTRY--TOPICAL TERM
Topical term or geographic name entry element Intermediate Microeconomics
9 (RLIN) 9374
942 ## - ADDED ENTRY ELEMENTS (KOHA)
Koha item type Books
Source of classification or shelving scheme Dewey Decimal Classification
Suppress in OPAC No
Holdings
Withdrawn status Lost status Source of classification or shelving scheme Damaged status Not for loan Collection code Home library Current library Shelving location Date acquired Source of acquisition Total Checkouts Full call number Barcode Date due Date last seen Date last checked out Price effective from Koha item type
    Dewey Decimal Classification     Non-fiction IFM Main Campus Library IFM Main Campus Library General Collection 08/12/2022 Purchase 4 338.5 VAR 0000020938 02/10/2026 01/27/2026 01/27/2026 02/19/2022 Books